<?xml version="1.0" encoding="UTF-8"?><?xml-stylesheet type="text/xsl" href="static/style.xsl"?><OAI-PMH xmlns="http://www.openarchives.org/OAI/2.0/" xmlns:xsi="http://www.w3.org/2001/XMLSchema-instance" xsi:schemaLocation="http://www.openarchives.org/OAI/2.0/ http://www.openarchives.org/OAI/2.0/OAI-PMH.xsd"><responseDate>2026-04-18T00:59:04Z</responseDate><request verb="GetRecord" identifier="oai:riubu.ubu.es:10259/7605" metadataPrefix="marc">https://riubu.ubu.es/oai/request</request><GetRecord><record><header><identifier>oai:riubu.ubu.es:10259/7605</identifier><datestamp>2023-04-20T12:25:30Z</datestamp><setSpec>com_10259.4_2520</setSpec><setSpec>com_10259_5086</setSpec><setSpec>com_10259_2604</setSpec><setSpec>col_10259.4_2521</setSpec></header><metadata><record xmlns="http://www.loc.gov/MARC21/slim" xmlns:doc="http://www.lyncode.com/xoai" xmlns:xsi="http://www.w3.org/2001/XMLSchema-instance" xmlns:dcterms="http://purl.org/dc/terms/" xsi:schemaLocation="http://www.loc.gov/MARC21/slim http://www.loc.gov/standards/marcxml/schema/MARC21slim.xsd">
<leader>00925njm 22002777a 4500</leader>
<datafield tag="042" ind1=" " ind2=" ">
<subfield code="a">dc</subfield>
</datafield>
<datafield tag="720" ind1=" " ind2=" ">
<subfield code="a">Li, Shuyi</subfield>
<subfield code="e">author</subfield>
</datafield>
<datafield tag="720" ind1=" " ind2=" ">
<subfield code="a">Xu, Hui</subfield>
<subfield code="e">author</subfield>
</datafield>
<datafield tag="720" ind1=" " ind2=" ">
<subfield code="a">Sui, Yong</subfield>
<subfield code="e">author</subfield>
</datafield>
<datafield tag="720" ind1=" " ind2=" ">
<subfield code="a">Mei, Xin</subfield>
<subfield code="e">author</subfield>
</datafield>
<datafield tag="720" ind1=" " ind2=" ">
<subfield code="a">Shi, Jianbin</subfield>
<subfield code="e">author</subfield>
</datafield>
<datafield tag="720" ind1=" " ind2=" ">
<subfield code="a">Cai, Sha</subfield>
<subfield code="e">author</subfield>
</datafield>
<datafield tag="720" ind1=" " ind2=" ">
<subfield code="a">Xiong, Tian</subfield>
<subfield code="e">author</subfield>
</datafield>
<datafield tag="720" ind1=" " ind2=" ">
<subfield code="a">Carrillo Pérez, Celia</subfield>
<subfield code="e">author</subfield>
</datafield>
<datafield tag="720" ind1=" " ind2=" ">
<subfield code="a">Castagnini, Juan Manuel</subfield>
<subfield code="e">author</subfield>
</datafield>
<datafield tag="720" ind1=" " ind2=" ">
<subfield code="a">Zhu, Zhenzhou</subfield>
<subfield code="e">author</subfield>
</datafield>
<datafield tag="720" ind1=" " ind2=" ">
<subfield code="a">Barba, Francisco J.</subfield>
<subfield code="e">author</subfield>
</datafield>
<datafield tag="260" ind1=" " ind2=" ">
<subfield code="c">2022-05</subfield>
</datafield>
<datafield tag="520" ind1=" " ind2=" ">
<subfield code="a">Brown rice, an important material of whole-grain food, is increasingly popular for its&#xd;
health benefits. Thus, seven varieties of brown rice from southern China were analyzed in this study,&#xd;
concerning the free and bound phenolic compounds in the extract. The phenolic profiles of different&#xd;
brown rice were obtained and compared by the combination of HPLC and LC-MS analysis, in which&#xd;
eleven phenolic acids were identified. It was indicated that the total phenolic contents of different&#xd;
brown rice varied from 92.32 to 196.54 mg of gallic acid equivalent (GAE)/100 g DW. Ferulic acid and&#xd;
p-coumaric acid, free and bound, dominated within the phenolic acids. To be mentioned, the total&#xd;
phenols of Luotiangongmi (a kind of red rice) were significantly higher than the other six varieties.&#xd;
The high phenolic content of brown rice can further guide us to explore the functional properties of&#xd;
the crops.</subfield>
</datafield>
<datafield tag="024" ind2=" " ind1="8">
<subfield code="a">http://hdl.handle.net/10259/7605</subfield>
</datafield>
<datafield tag="024" ind2=" " ind1="8">
<subfield code="a">10.3390/foods11111552</subfield>
</datafield>
<datafield tag="024" ind2=" " ind1="8">
<subfield code="a">2304-8158</subfield>
</datafield>
<datafield ind1=" " ind2=" " tag="653">
<subfield code="a">Brown rice</subfield>
</datafield>
<datafield ind1=" " ind2=" " tag="653">
<subfield code="a">Total polyphenol content</subfield>
</datafield>
<datafield ind1=" " ind2=" " tag="653">
<subfield code="a">Phenolic acids</subfield>
</datafield>
<datafield ind1=" " ind2=" " tag="653">
<subfield code="a">Free and bound forms</subfield>
</datafield>
<datafield tag="245" ind1="0" ind2="0">
<subfield code="a">Comparing the LC-MS Phenolic Acids Profiles of Seven Different Varieties of Brown Rice (Oryza sativa L.)</subfield>
</datafield>
</record></metadata></record></GetRecord></OAI-PMH>